Entry Personal Name
001 - CONTROL NUMBER
- control field: 308
003 - CONTROL NUMBER IDENTIFIER
- control field: AM-YEHGA
005 - DATE AND TIME OF LATEST TRANSACTION
- control field: 20250617070419.0
008 - FIXED-LENGTH DATA ELEMENTS
- fixed length control field: 040714 a|ac|n|aab||||||||||||a |n|||||||
040 ## - CATALOGING SOURCE
- Original cataloging agency: AM-YEHGA
100 1# - HEADING--PERSONAL NAME
- Personal name: Թոքմաջյան, Հասմիկ Արմենակի,
- Dates associated with a name: 1923-1997
400 1# - SEE FROM TRACING--PERSONAL NAME
- Personal name: Թոքմաջյան, Հասմիկ,
- Dates associated with a name: 1923-1997
400 1# - SEE FROM TRACING--PERSONAL NAME
- Personal name: Թոքմաջյան, Հ.
- Fuller form of name: (Հասմիկ),
- Dates associated with a name: 1923-1997
400 1# - SEE FROM TRACING--PERSONAL NAME
- Personal name: Թոքմաջյան, Հ.Ա.
- Fuller form of name: (Հասմիկ Արմենակի),
- Dates associated with a name: 1923-1997
400 1# - SEE FROM TRACING--PERSONAL NAME
- Personal name: Токмаджян, Асмик Арменаковна,
- Dates associated with a name: 1923-1997
400 1# - SEE FROM TRACING--PERSONAL NAME
- Personal name: Токмаджян, Асмик,
- Dates associated with a name: 1923-1997
400 1# - SEE FROM TRACING--PERSONAL NAME
- Personal name: Токмаджян, А.А.
- Fuller form of name: (Асмик Арменаковна),
- Dates associated with a name: 1923-1997
400 1# - SEE FROM TRACING--PERSONAL NAME
- Personal name: Tokmachyan, Hasmik Armenaki,
- Dates associated with a name: 1923-1997
400 1# - SEE FROM TRACING--PERSONAL NAME
- Personal name: Tokmachian, Hasmik Armenaki,
- Dates associated with a name: 1923-1997
400 1# - SEE FROM TRACING--PERSONAL NAME
- Personal name: Tokmajyan, Hasmik Armenaki,
- Dates associated with a name: 1923-1997
400 1# - SEE FROM TRACING--PERSONAL NAME
- Personal name: Tokmajian, Hasmik Armenaki,
- Dates associated with a name: 1923-1997
400 1# - SEE FROM TRACING--PERSONAL NAME
- Personal name: Tocmajyan, Hasmik,
- Dates associated with a name: 1923-1997
400 1# - SEE FROM TRACING--PERSONAL NAME
- Personal name: Tocmagyan, H.A.
- Fuller form of name: (Hasmik Armenaki),
- Dates associated with a name: 1923-1997
670 ## - SOURCE DATA FOUND
- Source citation: Անգլերենի դասագիրք։ ՈՒսումնական ձեռնարկ = English for students of the Humanities, 1984 :
- Information found: տիտղթ. (Հ.Ա. Թոքմաջյան, Ե.Ս Մխիթարյան ; Խմբ. Հ.Ա. Թոքմաջյան)
670 ## - SOURCE DATA FOUND
- Source citation: Очерки по сравнительной типологии английского, русского и армянского языков, 1995 :
- Information found: т.л. (А.А. Токмаджян)
670 ## - SOURCE DATA FOUND
- Source citation: Հայաստանի հանրապետութիւն, օրաթերթ,21 յունուար,1997 :
- Information found: էջ 4 (Հասմիկ Թոքմաջյան [մահախոսական]։ 1997 թ. հունվ. 16-ին կյանքից հեռացավ [ԵՊՀ] անգլ. բանաս. ամբիոնի պրոֆ. Հասմիկ Արմենակի Թոքմաջյանը); (Հասմիկ Արմենակի Թոքմաջյանը ծնվել է 1923 թ. Լենինական ք.)
ՀՀ Գիտությունների ազգային ակադեմիայի հիմնարար գիտական գրադարան = Fundamental Scientific Library of NAS RA
All site content, except where otherwise noted, is licensed under a